Muslim studies (Muhammedanische Studien), Volume-1 / (Record no. 20375)

MARC details
000 -LEADER
fixed length control field 00979cam a22003011 4500
001 - CONTROL NUMBER
control field 3124187
003 - CONTROL NUMBER IDENTIFIER
control field BDDh-ASL
005 - DATE AND TIME OF LATEST TRANSACTION
control field 20231015025900.0
008 - FIXED-LENGTH DATA ELEMENTS--GENERAL INFORMATION
fixed length control field 710419m19689999enk b 000 0 eng
010 ## - LIBRARY OF CONGRESS CONTROL NUMBER
LC control number 68097966
015 ## - NATIONAL BIBLIOGRAPHY NUMBER
National bibliography number B68-04348 (v. 1)
040 ## - CATALOGING SOURCE
Original cataloging agency DLC
Transcribing agency DLC
Modifying agency DLC
-- BDDh-ASL
041 1# - LANGUAGE CODE
Language code of text/sound track or separate title eng
Language code of original ger
050 00 - LIBRARY OF CONGRESS CALL NUMBER
Classification number BP25
Item number .G615
082 00 - DEWEY DECIMAL CLASSIFICATION NUMBER
Classification number 297.09
Item number GOM
100 1# - MAIN ENTRY--PERSONAL NAME
Personal name Goldziher, Ignác,
Dates associated with a name 1850-1921.
240 10 - UNIFORM TITLE
Uniform title Muhammedanische Studien.
Language of a work English
245 10 - TITLE STATEMENT
Title Muslim studies (Muhammedanische Studien), Volume-1 /
Statement of responsibility, etc. edited by S. M. Stern, translated from the German by C. R. Barber and S. M. Stern.
260 ## - PUBLICATION, DISTRIBUTION, ETC.
Place of publication, distribution, etc. London:
Name of publisher, distributor, etc. Allen & Unwin,
Date of publication, distribution, etc. 1967.
300 ## - PHYSICAL DESCRIPTION
Extent 254 p.
Dimensions 23 cm.
350 ## - PRICE (NR) (BK AM CF MU VM SE) [OBSOLETE]
Price 45/- (v. 1)
500 ## - GENERAL NOTE
General note Translation of Muhammedanische Studien.
504 ## - BIBLIOGRAPHY, ETC. NOTE
Bibliography, etc. note Bibliographical footnotes.
650 #0 - SUBJECT ADDED ENTRY--TOPICAL TERM
Topical term or geographic name entry element Islam.
700 1# - ADDED ENTRY--PERSONAL NAME
Personal name Stern, S. M.
Fuller form of name (Samuel Miklos),
Dates associated with a name 1920-1969.
906 ## - LOCAL DATA ELEMENT F, LDF (RLIN)
a 7
b cbc
c orignew
d u
e opcn
f 19
g y-gencatlg
942 ## - ADDED ENTRY ELEMENTS (KOHA)
Source of classification or shelving scheme Dewey Decimal Classification
Koha item type Books
Holdings
Withdrawn status Lost status Source of classification or shelving scheme Damaged status Not for loan Collection code Home library Current library Shelving location Date acquired Source of acquisition Serial Enumeration / chronology Total Checkouts Full call number Barcode Date last seen Copy number Price effective from Koha item type
    Dewey Decimal Classification     Non-fiction Asiatic Society Library Asiatic Society Library General Stacks 12/30/2020 ASB Collection V-1   297.09 GOM 103811 12/30/2020 C-1 12/30/2020 Books

Powered by Koha